| 000 | 00649cam a22002051 4500 | ||
|---|---|---|---|
| 001 | sa 68003617 | ||
| 003 | DLC | ||
| 005 | 20260227112454.0 | ||
| 008 | 710903s1950 ce k 000 0 eng | ||
| 010 | _asa 68003617 | ||
| 040 |
_aDLC _cDLC _dDLC |
||
| 043 | _aa-ce--- | ||
| 050 | 0 | 0 |
_aHF1586.8 _b.A5 1950 |
| 110 | 1 |
_aCeylon. _bDepartment of Import and Export Control. |
|
| 245 | 1 | 0 |
_aImport control manuel; _cissued by the Controller of Imports; revised up to 1st June, 1950. |
| 260 |
_a[Colombo, _c1950] |
||
| 300 |
_a150 p. _bforms. _c25 cm. |
||
| 500 | _aAt head of title: Ministry of Commerce and Trade. | ||
| 650 | 0 |
_aImport quotas _zSri Lanka. |
|
| 999 |
_c79623 _d79623 |
||